טוען...
Conceptual mathematics: A first introduction to categories/
| מחבר ראשי: | |
|---|---|
| מחברים אחרים: | |
| פורמט: | Printed Book |
| שפה: | English |
| יצא לאור: |
cambridge,
2009.
|
| מהדורה: | 2nd ed.. |
| LEADER | 00464nam a2200133Ia 4500 | ||
|---|---|---|---|
| 008 | 120707s9999 xx 000 0 eng d | ||
| 100 | |a Lawvere, F.W | ||
| 245 | 0 | |a Conceptual mathematics: A first introduction to categories/ | |
| 250 | |a 2nd ed.. | ||
| 260 | |b cambridge, |c 2009. | ||
| 700 | 1 | |a Schanuel, S.H. | |
| 942 | |c BK | ||
| 999 | |c 134346 |d 134346 | ||
| 952 | |0 0 |1 0 |4 0 |6 05_000000000000000_LAW |7 0 |9 148623 |a MAT |b MAT |c ST1 |d 2012-07-10 |i 5344 |l 0 |o 05 LAW |p MAT5344 |r 2013-08-01 |w 2013-08-01 |y BK | ||